000 00517nam a2200169Ia 4500
008 090201s9999 xx 000 0 und d
010 _aKPL-58149
040 _bमराठी
041 _aमराठी
082 _a6974
_b58149
100 _aमुकुंद बापट
245 _aविभा
_cमुकुंद बापट
260 _c2004
_bसुर्याक्षरविविधा प्रकाशन
300 _a164
_bमोठा
600 _aविभा
942 _cBOOK
999 _c207754
_d207754